[Event "AUTO-OPEN-4609"]
[Site "http://www.queenalice.com/game.php?id=1861517"]
[Date "2025.8.12"]
[Round "1"]
[White "Fredo"]
[Black "chessman"]
[Result "1/2-1/2"]
[WhiteElo "2117"]
[BlackElo "1961"]

1. d4 d5 2. e3 Nf6 3. c4 e6 4. Nc3 Be7 5. Nf3 O-O 6. Bd3 a6 7. O-O dxc4 8. Bxc4
c5 9. b3 cxd4 10. Nxd4 b5 11. Be2 Bb7 12. Bb2 Nc6 13. Bf3 Qc7 14. Nxc6 Bxc6 15.
Bxc6 Qxc6 16. Rc1 Qb7 17. Qe2 Rfd8 18. Rfd1 Rac8 19. h3 Ne4 20. Nxe4 Qxe4 21.
Rxd8+ Rxd8 22. Qf3 Qxf3 23. gxf3 h6 24. Kg2 Rd2 25. Rc8+ Kh7 26. Rc7 Bh4 27. Be5
Rxf2+ 28. Kg1 Rxf3 29. Bf4 e5 30. Bxe5 Rxe3 31. Bd4 Rf3 32. Kg2 Rg3+ 33. Kh2 Rd3
34. Be5 Rd2+ 35. Kh1 f6 36. Bf4 Rxa2 37. b4 Be1 38. Bd6 Bc3 39. Rxc3 a5 40. bxa5
Rxa5 41. Rb3 f5 42. Kg2 g5 43. Bc7 Ra7 44. Be5 Rb7 45. Kf3 Kg6 46. Kg3 f4+ 47.
Kg4 h5+ 48. Kf3 Kf5 49. Bd6 g4+ 50. hxg4+ hxg4+ 51. Kf2 Rb6 52. Bc7 Rb7 53. Bd6
Rb6 54. Bc7 Rb7 1/2-1/2

[Event "AUTO-OPEN-4609"]
[Site "http://www.queenalice.com/game.php?id=1861518"]
[Date "2025.8.12"]
[Round "1"]
[White "chessman"]
[Black "Fredo"]
[Result "1-0"]
[WhiteElo "2012"]
[BlackElo "2155"]

1. e4 c5 2. Nf3 d6 3. Bb5+ Bd7 4. Bxd7+ Nxd7 5. O-O Ngf6 6. Qe2 g6 7. c3 Bg7 8.
d4 cxd4 9. cxd4 O-O 10. Nc3 a6 11. e5 dxe5 12. dxe5 Ng4 13. e6 Nc5 14. exf7+
Rxf7 15. Ng5 Nf6 16. Qc4 1-0

[Event "AUTO-MASTER-3266"]
[Site "http://www.queenalice.com/game.php?id=1862744"]
[Date "2025.9.9"]
[Round "2"]
[White "IranSilva"]
[Black "Fredo"]
[Result "1-0"]
[WhiteElo "2291"]
[BlackElo "2107"]

1. Nf3 Nf6 2. g3 d5 3. d4 g6 4. Bg2 Bg7 5. c4 O-O 6. cxd5 Nxd5 7. e4 Nb6 8. Nc3
N8d7 9. O-O c5 10. dxc5 Nc4 11. Qc2 Nce5 12. Nxe5 Bxe5 13. Nd5 e6 14. Nf4 Qc7
15. Be3 b6 16. Nd3 Bg7 17. Rac1 bxc5 18. Nxc5 Nxc5 19. Bxc5 Re8 20. b3 Bb7 21.
Be3 Qxc2 22. Rxc2 Be5 23. f4 Bd6 24. e5 Bxg2 25. Kxg2 Bb4 26. Rc4 Ba5 27. Rfc1
Bb6 28. Bxb6 axb6 29. R1c2 Red8 30. Rb4 Rdb8 31. a4 h5 32. Rc6 b5 33. axb5 Ra2+
34. Kh3 Rd8 35. b6 Rdd2 36. Kh4 Rxh2+ 37. Kg5 Kg7 38. b7 Rag2 39. Rc3 1-0

[Event "AUTO-MASTER-3266"]
[Site "http://www.queenalice.com/game.php?id=1862745"]
[Date "2025.9.9"]
[Round "2"]
[White "Fredo"]
[Black "IranSilva"]
[Result "0-1"]
[WhiteElo "2112"]
[BlackElo "2280"]

1. d4 d5 2. Nf3 Nf6 3. Bg5 Nbd7 4. e3 e6 5. Bd3 Be7 6. O-O h6 7. Bxf6 Nxf6 8.
Nbd2 O-O 9. c3 c5 10. e4 cxd4 11. Nxd4 dxe4 12. Nxe4 Nxe4 13. Bxe4 Qb6 14. Qe2
Bd7 15. Rad1 Rfd8 16. a3 Bf6 17. Rfe1 Rac8 18. Kh1 Ba4 19. Rb1 Bxd4 20. cxd4
Rxd4 21. Qf3 Bc6 22. Bxc6 Rxc6 23. h3 Rcd6 24. Re2 Rd1+ 25. Rxd1 Rxd1+ 26. Kh2
Qd6+ 27. g3 b6 28. Qa8+ Kh7 29. Qe4+ g6 30. Qf3 Kg7 31. Kg2 Rc1 32. Re3 Qd2 33.
Rd3 Qe1 0-1

[Event "AUTO-MASTER-3266"]
[Site "http://www.queenalice.com/game.php?id=1862748"]
[Date "2025.9.9"]
[Round "2"]
[White "Fredo"]
[Black "WoodpusherKid"]
[Result "0-1"]
[WhiteElo "2112"]
[BlackElo "2492"]

1. d4 d5 2. Nf3 Nf6 3. e3 c5 4. c3 e6 5. Be2 b6 6. O-O Bd6 7. Nbd2 O-O 8. Re1
Qc7 9. Bd3 Nc6 10. e4 cxd4 11. cxd4 Nb4 12. Bb1 dxe4 13. Nxe4 Nxe4 14. Bxe4 Bb7
15. a3 Nd5 16. h4 Ne7 17. Bd3 Nf5 18. Ng5 Rad8 19. Bxf5 exf5 20. Qh5 h6 21. Nh3
Bh2+ 22. Kh1 Rxd4 23. Bxh6 Rg4 0-1

[Event "AUTO-MASTER-3266"]
[Site "http://www.queenalice.com/game.php?id=1862749"]
[Date "2025.9.9"]
[Round "2"]
[White "WoodpusherKid"]
[Black "Fredo"]
[Result "1-0"]
[WhiteElo "2498"]
[BlackElo "2111"]

1. c4 e5 2. g3 Nf6 3. Bg2 Bc5 4. d3 c6 5. Nf3 d6 6. O-O O-O 7. Nc3 Nbd7 8. Rb1
Bb6 9. b4 Bc7 10. b5 Re8 11. bxc6 bxc6 12. Ng5 Nb8 13. Ba3 h6 14. Nge4 Be6 15.
Nxf6+ Qxf6 16. Rb7 Rc8 17. Ne4 Qd8 18. f4 d5 19. f5 Bd7 20. Nd6 Bxd6 21. Bxd6
dxc4 22. dxc4 a5 23. Bxb8 Bxf5 24. Bxe5 Qg5 25. Rxf7 Kxf7 26. Qd7+ Kg8 27. Rxf5
Qc1+ 28. Kf2 1-0

[Event "AUTO-OPEN-4596"]
[Site "http://www.queenalice.com/game.php?id=1864025"]
[Date "2025.10.9"]
[Round "2"]
[White "Fredo"]
[Black "WoodpusherKid"]
[Result "0-1"]
[WhiteElo "2075"]
[BlackElo "2545"]

1. d4 d5 2. e3 Nd7 3. Nf3 Ngf6 4. Bd3 e6 5. O-O Bd6 6. Nbd2 O-O 7. Re1 c5 8. c3
c4 9. Bc2 b5 10. e4 dxe4 11. Nxe4 Nxe4 12. Bxe4 Rb8 13. Ng5 Nf6 14. Bc2 Bb7 15.
Re3 b4 16. Rh3 h6 17. Nf3 bxc3 18. bxc3 Ne4 19. Qe1 f5 20. Nh4 Rf6 21. Re3 Bd5
22. f3 Ng5 23. g3 f4 24. Re2 Bxf3 25. Rf2 Nh3+ 26. Kf1 Nxf2 27. Nxf3 fxg3 28.
hxg3 Rxf3 0-1

[Event "AUTO-OPEN-4596"]
[Site "http://www.queenalice.com/game.php?id=1864026"]
[Date "2025.10.9"]
[Round "2"]
[White "WoodpusherKid"]
[Black "Fredo"]
[Result "1-0"]
[WhiteElo "2542"]
[BlackElo "2091"]

1. c4 e5 2. g3 Nf6 3. Bg2 Bc5 4. d3 O-O 5. Nf3 Nc6 6. O-O a6 7. Nxe5 Bxf2+ 8.
Rxf2 Nxe5 9. Nc3 c6 10. h3 d6 11. Bg5 Ned7 12. Bh4 Qb6 13. b3 d5 14. d4 dxc4 15.
bxc4 Qc7 16. e4 h6 17. e5 Nh7 18. Be7 Re8 19. Bd6 Qd8 20. c5 Ndf8 21. Qb3 Ne6
22. Rd1 Nc7 23. Qxf7+ 1-0

[Event "AUTO-OPEN-4619"]
[Site "http://www.queenalice.com/game.php?id=1864188"]
[Date "2025.10.13"]
[Round "1"]
[White "Fredo"]
[Black "chessman"]
[Result "1-0"]
[WhiteElo "2089"]
[BlackElo "2048"]

1. e4 e6 2. d4 d5 3. e5 c5 4. c3 cxd4 5. cxd4 Nc6 6. Nf3 Qb6 7. Be2 Nge7 8. Na3
Nf5 9. Nc2 Bb4+ 10. Kf1 h6 11. g4 g5 12. gxf5 exf5 13. Nxb4 Qxb4 14. a3 Qb6 15.
b4 g4 16. Nh4 Qd8 17. Ng2 Be6 18. Bb2 h5 19. Nf4 h4 20. Nxe6 fxe6 21. Rc1 Qg5
22. Rc3 Kf7 23. b5 g3 24. fxg3 hxg3 25. Rxg3 Qxg3 26. Bh5+ 1-0

[Event "AUTO-OPEN-4619"]
[Site "http://www.queenalice.com/game.php?id=1864189"]
[Date "2025.10.13"]
[Round "1"]
[White "chessman"]
[Black "Fredo"]
[Result "1/2-1/2"]
[WhiteElo "2009"]
[BlackElo "2073"]

1. e4 e5 2. Nf3 Nf6 3. Nxe5 d6 4. Nf3 Nxe4 5. d4 d5 6. Be2 Bd6 7. O-O O-O 8. Bd3
Re8 9. Re1 Bg4 10. c4 c6 11. cxd5 cxd5 12. h3 Bh5 13. Nc3 Nxc3 14. bxc3 Nd7 15.
Be3 Nf6 16. c4 dxc4 17. Bxc4 Rc8 18. Bb3 Bb8 19. g4 Bg6 20. Ne5 Nd7 21. f4 Nxe5
22. fxe5 Be4 23. Rf1 Rf8 24. Qd2 Qh4 25. Kh2 Qe7 26. Rac1 Bg6 27. Bg5 Qd7 28.
Qf4 Kh8 29. Qe3 Rxc1 30. Rxc1 h6 31. Bxh6 gxh6 32. Qxh6+ Kg8 33. Qxg6+ Kh8 34.
Qh6+ Kg8 35. Qg6+ Kh8 36. Qh6+ Kg8 37. Qg6+ 1/2-1/2

[Event "AUTO-OPEN-4619"]
[Site "http://www.queenalice.com/game.php?id=1864190"]
[Date "2025.10.13"]
[Round "1"]
[White "Fredo"]
[Black "josebaron"]
[Result "1/2-1/2"]
[WhiteElo "2101"]
[BlackElo "2158"]

1. d4 d5 2. Nf3 Nf6 3. e3 Bg4 4. c4 dxc4 5. Bxc4 e6 6. Nc3 Be7 7. O-O O-O 8. b3
a5 9. Bb2 c6 10. Qc2 Bxf3 11. gxf3 Nd5 12. Bd3 Nxc3 13. Bxh7+ Kh8 14. Bxc3 f5
15. Bg6 Rf6 16. Bh5 g6 17. d5 gxh5 18. Bxf6+ Bxf6 19. Rad1 cxd5 20. e4 fxe4
1/2-1/2

[Event "AUTO-OPEN-4619"]
[Site "http://www.queenalice.com/game.php?id=1864191"]
[Date "2025.10.13"]
[Round "1"]
[White "josebaron"]
[Black "Fredo"]
[Result "1-0"]
[WhiteElo "2154"]
[BlackElo "2103"]

1. e4 e5 2. Nf3 Nf6 3. Nc3 Nc6 4. Bb5 a6 5. Bxc6 dxc6 6. d3 Bd6 7. O-O O-O 8.
Bg5 Be6 9. a4 b5 10. axb5 cxb5 11. Nd5 Bxd5 12. exd5 h6 13. Bh4 g5 14. Bg3 Qe7
15. Nxe5 Bxe5 16. Re1 Nxd5 17. Rxe5 Qd7 18. Qh5 Qc6 19. h4 Nf4 20. Bxf4 gxf4 21.
Qg4+ Qg6 22. Qxf4 Kh8 23. Rae1 Rg8 24. g3 c6 25. Rf5 Rgf8 26. Rf6 Qg7 27. Rxh6+
Kg8 28. Re5 f6 29. Re6 1-0

[Event "AUTO-MASTER-3285"]
[Site "http://www.queenalice.com/game.php?id=1864408"]
[Date "2025.10.16"]
[Round "1"]
[White "MarcosT"]
[Black "Fredo"]
[Result "1-0"]
[WhiteElo "2150"]
[BlackElo "2102"]

1. d4 Nf6 2. e3 g6 3. Bd3 d5 4. f4 Bg7 5. Nd2 O-O 6. Ngf3 Nbd7 7. O-O c5 8. c3
cxd4 9. exd4 Nb6 10. Ne5 Nbd7 11. Qe2 Re8 12. c4 dxc4 13. Bxc4 Nxe5 14. dxe5 Nd7
15. Nf3 Nb6 16. Bb3 Qc7 17. Ng5 Rf8 18. Be3 Bf5 19. Rac1 Qb8 20. g4 Bd7 21. Bxb6
axb6 22. e6 Bc6 23. exf7+ Kh8 24. Qf2 Qd6 25. Rfd1 Qb4 26. Rc4 Qa5 27. Nxh7 Rfd8
28. Rxd8+ Rxd8 29. Qh4 Bd4+ 30. Rxd4 1-0

[Event "AUTO-MASTER-3285"]
[Site "http://www.queenalice.com/game.php?id=1864409"]
[Date "2025.10.16"]
[Round "1"]
[White "Fredo"]
[Black "MarcosT"]
[Result "0-1"]
[WhiteElo "2088"]
[BlackElo "2161"]

1. d4 d5 2. Nf3 Nd7 3. Nc3 e6 4. Bg5 Be7 5. Bxe7 Qxe7 6. e3 f5 7. Bd3 Ngf6 8.
O-O Ne4 9. Nb5 Ndf6 10. Nd2 Nxd2 11. Qxd2 Ne4 12. Bxe4 dxe4 13. c4 c6 14. Nc3
Bd7 15. Na4 O-O 16. Nc5 Bc8 17. Rad1 b6 18. Nb3 c5 19. d5 exd5 20. Qxd5+ Be6 21.
Qe5 Rad8 22. Nd2 Rfe8 23. Qc3 Bc8 24. b3 Bb7 25. Rfe1 Rd3 26. Qb2 Red8 27. Qc1
Qd6 28. Re2 g5 29. Kf1 Qxh2 0-1

[Event "AUTO-OPEN-4623"]
[Site "http://www.queenalice.com/game.php?id=1865290"]
[Date "2025.11.8"]
[Round "1"]
[White "IranSilva"]
[Black "Fredo"]
[Result "1/2-1/2"]
[WhiteElo "2247"]
[BlackElo "2111"]

1. Nf3 Nf6 2. g3 d5 3. d4 c5 4. c3 e6 5. Bg5 cxd4 6. cxd4 Be7 7. e3 O-O 8. Bg2
Qa5+ 9. Nbd2 Nbd7 10. O-O Re8 11. Nb3 Qd8 12. Rc1 Nf8 13. Ne5 h6 14. Bxf6 Bxf6
15. f4 Nh7 16. Nc5 b6 17. Ncd3 Bb7 18. Qa4 Be7 19. Nc6 Bxc6 20. Qxc6 Rc8 21. Qa4
Nf6 22. a3 Ng4 23. Rce1 Qc7 24. h3 Nf6 25. Rc1 Qb8 26. Rxc8 Rxc8 27. Rc1 Rxc1+
28. Nxc1 Qc7 29. Nd3 Nd7 30. Kf1 Bf8 31. Ke2 g6 32. Kd2 Bd6 33. Nb4 Bxb4+ 34.
Qxb4 Nf6 35. Qc3 Qd7 36. Qb4 Ne4+ 37. Bxe4 dxe4 38. Qc4 Kg7 39. g4 Kg8 40. h4
Kg7 41. b4 Qd5 42. Qxd5 exd5 43. b5 f5 44. gxf5 gxf5 45. h5 Kf6 46. Kc3 Ke6 47.
Kb4 Kd6 48. a4 Kc7 49. a5 Kb7 50. Ka4 Kc7 51. Kb4 1/2-1/2

[Event "AUTO-OPEN-4623"]
[Site "http://www.queenalice.com/game.php?id=1865291"]
[Date "2025.11.8"]
[Round "1"]
[White "Fredo"]
[Black "IranSilva"]
[Result "1-0"]
[WhiteElo "2054"]
[BlackElo "2246"]

1. d4 d5 2. Nf3 Nf6 3. e3 Bf5 4. c4 e6 5. Nc3 Bb4 6. a3 Bxc3+ 7. bxc3 c6 8. cxd5
cxd5 9. Qa4+ Nbd7 10. Ne5 O-O 11. Nxd7 Nxd7 12. Bb5 Nb6 13. Qb3 Rc8 14. O-O a6
15. Be2 Qc7 16. Bd2 Qc6 17. Rfc1 Rc7 18. a4 Nc4 19. Be1 b5 20. axb5 axb5 21. Qb4
Rfc8 22. Ra2 Rb7 23. Rca1 Rbb8 24. Ra6 Qe8 25. Ra7 Bc2 26. Re7 Qd8 27. Raa7 Nd6
28. Rad7 1-0

[Event "AUTO-OPEN-4623"]
[Site "http://www.queenalice.com/game.php?id=1865316"]
[Date "2025.11.8"]
[Round "1"]
[White "Fredo"]
[Black "game"]
[Result "1-0"]
[WhiteElo "2078"]
[BlackElo "1543"]

1. d4 d5 2. Nf3 Bf5 3. e3 Bg4 4. c4 e6 5. Nc3 Bxf3 6. Qxf3 Nf6 7. Bd3 Bb4 8. O-O
Nc6 9. a3 Bd6 10. cxd5 exd5 11. Kh1 O-O 12. Nxd5 Be7 13. Nxe7+ Qxe7 14. b4 g6
15. Bb2 Qe6 16. Bc3 Nd5 17. Bb2 f5 18. Bc4 Rad8 19. Rac1 Rf6 20. b5 Nce7 21.
Rfe1 Kg7 22. a4 b6 23. Ba3 c5 24. dxc5 bxc5 25. Bb2 Kf7 26. Bxf6 Kxf6 27. e4 Qd7
28. exd5 h5 29. Qc3+ Kg5 30. Qe3+ Kf6 31. Qe5+ Kg5 32. Qxe7+ Qxe7 33. Rxe7 h4
34. Rd1 Rf8 35. d6 Kf6 36. Ree1 g5 37. d7 Rd8 38. Re8 1-0

[Event "AUTO-OPEN-4623"]
[Site "http://www.queenalice.com/game.php?id=1865317"]
[Date "2025.11.8"]
[Round "1"]
[White "game"]
[Black "Fredo"]
[Result "0-1"]
[WhiteElo "1541"]
[BlackElo "2080"]

1. e4 c5 2. Bc4 e6 3. Nf3 d5 4. exd5 exd5 5. Bb3 Nf6 6. d4 Nc6 7. O-O b5 8. dxc5
Bxc5 9. Re1+ Be7 10. Nc3 d4 11. Nxb5 O-O 12. Ng5 Bc5 13. Bf4 Bg4 14. f3 Bh5 15.
h4 Nd5 16. c4 dxc3+ 17. Kh2 cxb2 18. Rb1 Nxf4 19. Qc2 Bg6 20. Qxc5 Bxb1 21. Rxb1
h6 22. Rxb2 hxg5 23. Qxc6 gxh4 24. a4 Qg5 25. Nc7 Rac8 26. Qb7 Qg3+ 27. Kg1 Nh3+
28. Kf1 Rxc7 29. Qe4 Rc1+ 30. Ke2 Re1+ 31. Kd3 Nf2+ 32. Rxf2 Rxe4 33. Rc2 Re7
34. Bd5 g6 35. Kd4 Rd8 36. Rc6 Qf2+ 37. Kc4 Qxg2 38. Ra6 Qf1+ 0-1

[Event "AUTO-MASTER-3289"]
[Site "http://www.queenalice.com/game.php?id=1866189"]
[Date "2025.11.26"]
[Round "1"]
[White "Fredo"]
[Black "cerenzo72"]
[Result "0-1"]
[WhiteElo "2117"]
[BlackElo "2158"]

1. d4 Nf6 2. c4 d6 3. Nf3 g6 4. Nc3 Bg7 5. Bg5 b6 6. e4 Bb7 7. Bd3 Nbd7 8. O-O
O-O 9. Re1 c6 10. e5 dxe5 11. dxe5 Ng4 12. Qd2 Ngxe5 13. Be2 Re8 14. Rad1 Qc7
15. Nxe5 Nxe5 16. f4 Rad8 17. Qc2 Rxd1 18. Rxd1 Nd7 19. b4 c5 20. Nb5 Qc8 21. f5
a6 22. Nc3 Nf6 23. bxc5 Qxc5+ 24. Kh1 Qf2 25. Bd3 Bxg2# 0-1